Fukuoka City Subway - All Stations - Statistics

General Stats
  • This quiz has been taken 113 times
    97 since last reset
  • The average score is 19 of 35
Answer Stats
Line Station % Correct
Kuko Hakata
95%
Kuko Tenjin
95%
Kuko Fukuokakuko (Fukuoka Airport)
88%
Kuko Gion
75%
Nakanuma Tenjin-Minami
71%
Kuko Meinohama
70%
Kuko Nakasu-Kawabata
70%
Kuko Ohorikoen
68%
Kuko Akasaka
66%
Kuko Tojinmachi
66%
Nakanuma Nanakuma
63%
Kuko Nishijin
63%
Hakozaki Kaizuka
61%
Nakanuma Yakuin
57%
Kuko Fujisaki
55%
Nakanuma Hashimoto
54%
Kuko Higashi-Hie
54%
Kuko Muromi
54%
Nakanuma Ropponmatsu
50%
Hakozaki Gofukumachi
48%
Nakanuma Befu
45%
Nakanuma Chayama
45%
Nakanuma Yakuin-Odori
45%
Nakanuma Watanabe-Dori
43%
Nakanuma Fukudaimae
41%
Nakanuma Jiromaru
41%
Hakozaki Hakozaki-Kyudai Mae
39%
Hakozaki Hakozaki-Miyamae
39%
Nakanuma Noke
39%
Nakanuma Kanayama
38%
Nakanuma Sakurazaka
38%
Nakanuma Kamo
36%
Nakanuma Umebayashi
36%
Hakozaki Chiyo-Kenchoguchi
34%
Hakozaki Maidashi-Kyudai-Byoin Mae
29%
No matching quizzes found
Score Distribution
Percent of People with Each Score
Percentile by Number Answered
Your Score History
You have not taken this quiz since the last reset